[Event "SRB-chT 2nd League"]
[Site "Novi Sad"]
[Date "2023.11.06"]
[Round "7.6"]
[White "Leskovac, Nikola"]
[Black "Skoko, Milan"]
[Result "1/2-1/2"]
[WhiteElo "1927"]
[BlackElo "2108"]
[PlyCount "135"]
[EventDate "2023.11.02"]
[EventType "team-tourn"]
[EventRounds "11"]
[EventCountry "SRB"]
[SourceTitle "CB46_2023"]
[SourceDate "2023.11.15"]
[SourceVersion "1"]
[SourceVersionDate "2023.11.15"]
[SourceQuality "1"]
[WhiteTeam "Car Uros Jazak"]
[BlackTeam "Stara Pazova"]
[WhiteTeamCountry "SRB"]
[BlackTeamCountry "SRB"]

1. e4 c5 2. Nf3 Nc6 3. Bb5 g6 4. Bxc6 dxc6 5. h3 Bg7 6. 0-0 e5 7. d3 b6 8. Be3 f6 9. a4 a5 10. Nc3 Nh6 11. Nd2 Nf7 12. f4 0-0 13. Qe2 Bh6 14. Rf2 Ra7 15. Raf1 exf4 16. Bxf4 Bxf4 17. Rxf4 Ne5 18. Nf3 Nxf3+ 19. Qxf3 Qd4+ 20. Kh1 Raf7 21. e5 Qxe5 22. Qxc6 g5 23. Re4 Qg3 24. Rf3 Qc7 25. Qxc7 Rxc7 26. Nd5 Rcf7 27. Ne7+ Kg7 28. Nxc8 Rxc8 29. Re6 Rb8 30. Rf5 Rbb7 31. Kg1 Kg6 32. g4 h5 33. Kf2 hxg4 34. hxg4 b5 35. axb5 Rxb5 36. b3 Rb4 37. Kf3 a4 38. bxa4 Rxa4 39. Rxc5 Rf4+ 40. Ke3 Rh7 41. Rcc6 Rh3+ 42. Kd2 Rg3 43. c4 Rgxg4 44. Rcd6 Rg2+ 45. Kc3 Rg1 46. d4 g4 47. Re3 Rf3 48. Kd3 Rd1+ 49. Ke4 Rdf1 50. Rxf3 Rxf3 51. Rd8 f5+ 52. Kd5 Kg5 53. Rg8+ Kf4 54. c5 g3 55. Kd6 Rc3 56. d5 Kf3 57. c6 f4 58. c7 g2 59. Kd7 Kf2 60. c8Q Rxc8 61. Kxc8 g1Q 62. Rxg1 Kxg1 63. d6 f3 64. d7 f2 65. d8Q f1Q 66. Qg5+ Qg2 67. Qe3+ Qf2 68. Qe8 1/2-1/2

[Event "Vojvodina-chT 2nd League"]
[Site "Novi Sad"]
[Date "2018.11.16"]
[Round "11.5"]
[White "Skoko, Milan"]
[Black "Joksimovic, Dragoljub"]
[Result "1-0"]
[WhiteElo "2164"]
[BlackElo "2145"]
[PlyCount "75"]
[EventDate "2018.11.09"]
[EventType "team-tourn"]
[EventRounds "11"]
[EventCountry "SRB"]
[SourceTitle "CBM 187 Extra"]
[Source "ChessBase"]
[SourceDate "2018.11.04"]
[SourceVersion "1"]
[SourceVersionDate "2018.11.04"]
[SourceQuality "1"]
[WhiteTeam "Stara Pazova"]
[BlackTeam "Cosic Opovo Bata"]
[WhiteTeamCountry "SRB"]
[BlackTeamCountry "SRB"]

1. e4 d6 2. d4 g6 3. Nc3 Bg7 4. f4 c6 5. Nf3 Nf6 6. Bd3 0-0 7. 0-0 Nfd7 8. Be3 c5 9. Rb1 cxd4 10. Nxd4 Nc6 11. Nce2 Nf6 12. h3 Qa5 13. a3 Bd7 14. b4 Qd8 15. Nf3 e6 16. c4 d5 17. cxd5 exd5 18. e5 Ne8 19. Ned4 Nxd4 20. Nxd4 Nc7 21. Qb3 f6 22. Nf3 Be6 23. Bd4 Bf7 24. Bc5 Re8 25. Bd6 Ne6 26. g3 Qb6+ 27. Kg2 Nd4 28. Nxd4 Qxd4 29. Bc5 Qc4 30. Bxc4 dxc4 31. Qc3 fxe5 32. fxe5 Rxe5 33. Bd4 Bd5+ 34. Kg1 Re2 35. Rf2 Rxf2 36. Kxf2 Rf8+ 37. Ke1 Rf3 38. Bxg7 1-0

[Event "Vojvodina-chT 2nd League"]
[Site "Novi Sad"]
[Date "2018.11.13"]
[Round "6.3"]
[White "Nagy, Attila"]
[Black "Skoko, Milan"]
[Result "1-0"]
[WhiteElo "2241"]
[BlackElo "2164"]
[PlyCount "87"]
[EventDate "2018.11.09"]
[EventType "team-tourn"]
[EventRounds "11"]
[EventCountry "SRB"]
[SourceTitle "CBM 187 Extra"]
[Source "ChessBase"]
[SourceDate "2018.11.04"]
[SourceVersion "1"]
[SourceVersionDate "2018.11.04"]
[SourceQuality "1"]
[WhiteTeam "Senta"]
[BlackTeam "Stara Pazova"]
[WhiteTeamCountry "SRB"]
[BlackTeamCountry "SRB"]

1. Nf3 f5 2. c4 Nf6 3. g3 d6 4. Bg2 a5 5. d4 e6 6. 0-0 Be7 7. Nc3 0-0 8. Qc2 d5 9. Bf4 c6 10. Rad1 Bd6 11. Be5 Qe7 12. Na4 Nfd7 13. Bxd6 Qxd6 14. c5 Qc7 15. Ng5 Rf6 16. f3 h6 17. Nh3 Nf8 18. Nb6 Ra7 19. e4 Nbd7 20. Qb3 Ra6 21. Na4 Ra8 22. Rfe1 Rb8 23. exf5 Rxf5 24. Nf4 b5 25. cxb6 Nxb6 26. Nxb6 Rxb6 27. Qc3 Bd7 28. Qxa5 Qb7 29. b3 Ra6 30. Qd2 Qa7 31. a4 e5 32. Ne2 Rf6 33. Kh1 exd4 34. Nxd4 Qb8 35. f4 Qd6 36. Rc1 Kh8 37. Qe2 Rb6 38. a5 Rb7 39. Qe7 Qb8 40. Qc5 Ra7 41. b4 Rb7 42. a6 Rb6 43. Ra1 Qa7 44. Re7 1-0

[Event "Vojvodina-chT"]
[Site "Novi Sad"]
[Date "2017.11.18"]
[Round "7.6"]
[White "Novak, Tamas"]
[Black "Skoko, Milan"]
[Result "0-1"]
[WhiteElo "1977"]
[BlackElo "2153"]
[PlyCount "122"]
[EventDate "2017.11.13"]
[EventType "team-tourn"]
[EventRounds "11"]
[EventCountry "SRB"]
[SourceTitle "CBM 181 Extra"]
[Source "ChessBase"]
[SourceDate "2017.12.12"]
[SourceVersion "1"]
[SourceVersionDate "2017.12.12"]
[SourceQuality "1"]
[WhiteTeam "Senta"]
[BlackTeam "Stara Pazova"]
[WhiteTeamCountry "SRB"]
[BlackTeamCountry "SRB"]

1. e4 c5 2. Nf3 Nc6 3. Bb5 g6 4. 0-0 Bg7 5. c3 Nf6 6. Re1 0-0 7. d4 cxd4 8. cxd4 d5 9. e5 Ne4 10. Nc3 Nxc3 11. bxc3 Qa5 12. Qb3 a6 13. Bd3 Qd8 14. a4 Na5 15. Qb4 Re8 16. Rb1 Bf8 17. Ba3 e6 18. Qb2 Bxa3 19. Qxa3 Bd7 20. Nd2 Rc8 21. Qb4 Qc7 22. Rec1 Bc6 23. h4 h5 24. Nf3 Kg7 25. g3 Nc4 26. Rc2 Qe7 27. Qb3 Na3 28. Ra1 Nxc2 29. Qxc2 b5 30. axb5 Bxb5 31. Nd2 Bxd3 32. Qxd3 Qc7 33. Ra3 a5 34. Qf3 Ra8 35. Nb3 Qe7 36. Nc5 Rec8 37. Qe3 Rcb8 38. Kg2 Rb5 39. Ra4 Rc8 40. Qf4 Rbxc5 41. dxc5 Rxc5 42. Qd4 Qc7 43. Qf4 Rxc3 44. Qf6+ Kg8 45. g4 Rc4 46. gxh5 gxh5 47. Rxc4 dxc4 48. Qg5+ Kf8 49. Qh6+ Ke8 50. Qh8+ Kd7 51. Qxh5 Kc8 52. Qf3 c3 53. Qa8+ Kd7 54. Qf8 Kc6 55. h5 c2 56. Qa3 Kb7 57. Qc1 Ka7 58. Kg3 Qc6 59. Qd2 a4 60. Qc1 Qc3+ 61. Kg4 Qxe5 0-1

[Event "Stari Banovci Vidovdan op"]
[Site "Stari Banovci"]
[Date "2017.06.29"]
[Round "2"]
[White "Lajthajm, Borko"]
[Black "Skoko, Milan"]
[Result "1-0"]
[WhiteElo "2434"]
[BlackElo "2161"]
[PlyCount "71"]
[EventDate "2017.06.28"]
[EventType "swiss"]
[EventRounds "9"]
[EventCountry "SRB"]
[SourceTitle "EXT 2018"]
[Source "ChessBase"]
[SourceDate "2017.10.13"]
[SourceVersion "1"]
[SourceVersionDate "2017.10.13"]
[SourceQuality "1"]

1. Nf3 f5 2. c4 Nf6 3. d3 g6 4. Nc3 Bg7 5. Bg5 d6 6. g3 c5 7. Bg2 Nc6 8. 0-0 e5 9. Nd5 h6 10. Bxf6 Bxf6 11. a3 Be6 12. Ne1 0-0 13. Rb1 Qd7 14. b4 cxb4 15. axb4 Ne7 16. Nxf6+ Rxf6 17. Qd2 Kg7 18. f4 exf4 19. Qxf4 g5 20. Qd4 Nc6 21. Qa1 Kg6 22. Nf3 Qc7 23. b5 Qb6+ 24. c5 Qxc5+ 25. d4 Nxd4 26. Qxd4 Qc7 27. Rfc1 Qe7 28. Ra1 b6 29. Nh4+ gxh4 30. Bxa8 hxg3 31. hxg3 Qf8 32. Rxa7 f4 33. Rf1 Qb8 34. Ra3 Bh3 35. Rxf4 Rxf4 36. gxf4 1-0

[Event "Gligoric Cup 4th"]
[Site "Novi Banovci"]
[Date "2017.05.27"]
[Round "4.6"]
[White "Maravic, Milorad"]
[Black "Skoko, Milan"]
[Result "1/2-1/2"]
[WhiteElo "2180"]
[BlackElo "2174"]
[PlyCount "69"]
[EventDate "2017.05.25"]
[EventType "team-swiss"]
[EventRounds "5"]
[EventCountry "SRB"]
[SourceTitle "CBM 178 Extra"]
[Source "ChessBase"]
[SourceDate "2017.06.22"]
[SourceVersion "1"]
[SourceVersionDate "2017.06.22"]
[SourceQuality "1"]
[WhiteTeam "Subotica Penzioner"]
[BlackTeam "Stara Pazova"]
[WhiteTeamCountry "SRB"]
[BlackTeamCountry "SRB"]

1. e4 c5 2. Nf3 Nc6 3. d4 cxd4 4. Nxd4 Nf6 5. Nc3 e5 6. Ndb5 d6 7. Bg5 a6 8. Na3 Be6 9. Nd5 Bxd5 10. Bxf6 Qa5+ 11. c3 Bxe4 12. Nc4 Qc7 13. Bxg7 Rg8 14. Bxf8 Kxf8 15. Qxd6+ Qxd6 16. Nxd6 Bxg2 17. Bxg2 Rxg2 18. Ke2 Rd8 19. Ne4 Rg6 20. Rad1 b6 21. Rxd8+ Nxd8 22. Rd1 Ke7 23. Rd5 Nc6 24. Rd3 f5 25. Nd2 e4 26. Rh3 h6 27. Rg3 Re6 28. Re3 Ne5 29. f3 exf3+ 30. Nxf3 Nc4 31. Rxe6+ Kxe6 32. b3 Nd6 33. Ke3 Ne4 34. Kd4 Ng5 35. Nd2 1/2-1/2

[Event "Gligoric Cup 4th"]
[Site "Novi Banovci"]
[Date "2017.05.27"]
[Round "3.3"]
[White "Skoko, Milan"]
[Black "Ilic, Dragan M"]
[Result "1/2-1/2"]
[WhiteElo "2174"]
[BlackElo "2314"]
[PlyCount "38"]
[EventDate "2017.05.25"]
[EventType "team-swiss"]
[EventRounds "5"]
[EventCountry "SRB"]
[SourceTitle "CBM 178 Extra"]
[Source "ChessBase"]
[SourceDate "2017.06.22"]
[SourceVersion "1"]
[SourceVersionDate "2017.06.22"]
[SourceQuality "1"]
[WhiteTeam "Stara Pazova"]
[BlackTeam "Valjevo 2005"]
[WhiteTeamCountry "SRB"]
[BlackTeamCountry "SRB"]

1. e4 e6 2. d4 d5 3. Nd2 Nc6 4. c3 e5 5. exd5 Qxd5 6. dxe5 Nxe5 7. Qe2 Be6 8. Ngf3 Nxf3+ 9. Qxf3 Nf6 10. Qxd5 Bxd5 11. Nb3 a5 12. f3 Bd6 13. Be3 0-0 14. Kf2 Rfe8 15. c4 Bc6 16. Nd4 Rxe3 17. Kxe3 Bc5 18. Rd1 Re8+ 19. Kf2 Rd8 1/2-1/2

[Event "Gligoric Cup 4th"]
[Site "Novi Banovci"]
[Date "2017.05.26"]
[Round "2.1"]
[White "Skoko, Milan"]
[Black "Lajthajm, Borko"]
[Result "0-1"]
[WhiteElo "2174"]
[BlackElo "2428"]
[PlyCount "114"]
[EventDate "2017.05.25"]
[EventType "team-swiss"]
[EventRounds "5"]
[EventCountry "SRB"]
[SourceTitle "CBM 178 Extra"]
[Source "ChessBase"]
[SourceDate "2017.06.22"]
[SourceVersion "1"]
[SourceVersionDate "2017.06.22"]
[SourceQuality "1"]
[WhiteTeam "Stara Pazova"]
[BlackTeam "Kac Jugovic"]
[WhiteTeamCountry "SRB"]
[BlackTeamCountry "SRB"]

1. g3 e5 2. Bg2 Nf6 3. d3 d5 4. c3 c6 5. Bg5 h6 6. Bxf6 Qxf6 7. Nd2 Bc5 8. e3 0-0 9. d4 Bb6 10. dxe5 Qxe5 11. Ngf3 Qf6 12. 0-0 Bg4 13. Qa4 Be6 14. Qf4 Qe7 15. Qh4 Qxh4 16. Nxh4 Nd7 17. Nhf3 Nf6 18. Nd4 Bd7 19. Rfe1 Rad8 20. N2f3 c5 21. Ne2 Rfe8 22. Rad1 Ba4 23. Rc1 Ne4 24. Bf1 Ba5 25. a3 c4 26. Ned4 Rd6 27. Nc2 Bc7 28. Nfd4 a5 29. Re2 Rb6 30. Ne1 Nc5 31. Bg2 Rd8 32. Kf1 g6 33. f4 Rdd6 34. e4 dxe4 35. Bxe4 Nxe4 36. Rxe4 Rxb2 37. Nef3 Rdb6 38. h4 Bd7 39. Kg1 Bh3 40. Re8+ Kg7 41. Rce1 Rg2+ 42. Kh1 Rxg3 43. Ne5 Rb2 44. Re2 Rxe2 45. Nxe2 Re3 46. Nd4 Bxe5 47. fxe5 Rxc3 48. Re7 Rd3 49. Nb5 Rd7 50. Re8 Be6 51. Kh2 Rd5 52. Nd6 Rxe5 53. Re7 b6 54. Rb7 c3 55. Ne8+ Kf8 56. Nf6 c2 57. Rb8+ Ke7 0-1

[Event "Vojvodina-chT"]
[Site "Kac"]
[Date "2016.11.22"]
[Round "11.6"]
[White "Stankovic, Milos M"]
[Black "Skoko, Milan"]
[Result "0-1"]
[WhiteElo "1816"]
[BlackElo "2128"]
[PlyCount "114"]
[EventDate "2016.11.15"]
[EventType "team-tourn"]
[EventRounds "11"]
[EventCountry "SRB"]
[SourceTitle "CBM 175 Extra"]
[Source "ChessBase"]
[SourceDate "2016.12.12"]
[SourceVersion "1"]
[SourceVersionDate "2016.12.12"]
[SourceQuality "1"]
[WhiteTeam "Banovci Dunav"]
[BlackTeam "Stara Pazova"]
[WhiteTeamCountry "SRB"]
[BlackTeamCountry "SRB"]

1. d4 f5 2. Nc3 Nf6 3. Bg5 d5 4. Bxf6 exf6 5. e3 Be6 6. Bd3 g6 7. Qf3 c6 8. Nge2 Bd6 9. h3 Nd7 10. g4 fxg4 11. hxg4 Bf7 12. 0-0-0 Qe7 13. Rh3 0-0-0 14. Rdh1 Nf8 15. e4 Rg8 16. exd5 cxd5 17. Kb1 Bb8 18. Qg2 Rg7 19. Nc1 Bg8 20. Nb3 a6 21. Re3 Qd6 22. Na4 Ba7 23. Nac5 Re7 24. Rhe1 Rde8 25. Qf3 Rxe3 26. Rxe3 Rxe3 27. Qxe3 Ne6 28. Nxe6 Qxe6 29. Qxe6+ Bxe6 30. f3 Kc7 31. c3 Kd6 32. Kc2 h5 33. Bxg6 hxg4 34. fxg4 Bxg4 35. Kd2 b6 36. Ke3 Ke6 37. Nd2 f5 38. b3 Bb8 39. c4 Bc7 40. Be8 f4+ 41. Kf2 Bd8 42. Nf3 Bf6 43. Bc6 dxc4 44. bxc4 Kd6 45. Bb7 a5 46. Ba6 Bh5 47. Bb5 Bg6 48. Nd2 Bxd4+ 49. Kf3 Be3 50. Ne4+ Ke5 51. Nf2 Bxf2 52. Kxf2 Be4 53. a4 Kd4 54. Ba6 Bc6 55. Bc8 Kxc4 56. Be6+ Kb4 57. Bf7 Kxa4 0-1

[Event "Vojvodina-chT"]
[Site "Kac"]
[Date "2016.11.21"]
[Round "10.6"]
[White "Skoko, Milan"]
[Black "Vranic, Ljubomir"]
[Result "1/2-1/2"]
[WhiteElo "2128"]
[BlackElo "2168"]
[PlyCount "128"]
[EventDate "2016.11.15"]
[EventType "team-tourn"]
[EventRounds "11"]
[EventCountry "SRB"]
[SourceTitle "CBM 175 Extra"]
[Source "ChessBase"]
[SourceDate "2016.12.12"]
[SourceVersion "1"]
[SourceVersionDate "2016.12.12"]
[SourceQuality "1"]
[WhiteTeam "Stara Pazova"]
[BlackTeam "Senta"]
[WhiteTeamCountry "SRB"]
[BlackTeamCountry "SRB"]

1. e4 d6 2. d4 Nf6 3. Nc3 g6 4. f4 Bg7 5. Bd3 0-0 6. Nf3 Na6 7. 0-0 c5 8. d5 Nc7 9. Qe2 Rb8 10. a4 a6 11. a5 Re8 12. Bc4 Nd7 13. Na4 e6 14. dxe6 Nxe6 15. Bd2 Qf6 16. Ng5 b5 17. Bxe6 fxe6 18. Bc3 e5 19. Qd2 h6 20. Qd5+ Kh8 21. Nf7+ Kh7 22. Nxd6 Re7 23. Nxc8 Rxc8 24. fxe5 Qc6 25. Nb6 Nxb6 26. axb6 b4 27. Be1 Qxb6 28. Rf7 Rxf7 29. Qxf7 Rf8 30. Qc4 a5 31. Bg3 Rd8 32. Rf1 Rd4 33. Qf7 Qd8 34. b3 Rxe4 35. h3 Qg5 36. Kh2 h5 37. e6 h4 38. Bf4 Qf5 39. Bd6 Qxe6 40. Qxe6 Rxe6 41. Bxc5 Rc6 42. Bf2 Be5+ 43. Kg1 g5 44. Re1 Bf4 45. Re2 Kg6 46. Kf1 Kf5 47. Ke1 Rd6 48. Re8 Be5 49. Ke2 Rc6 50. Kd1 Bc3 51. Rd8 Ke4 52. Rd3 Rf6 53. Ke2 Rc6 54. Re3+ Kf5 55. Rf3+ Kg6 56. Rd3 Re6+ 57. Be3 Re5 58. Rd8 Bb2 59. Kd3 Bc3 60. Bd4 Bxd4 61. Rxd4 Re1 62. Re4 Rd1+ 63. Ke2 Rd5 64. Rc4 Kf5 1/2-1/2

[Event "Vojvodina-chT"]
[Site "Kac"]
[Date "2016.11.20"]
[Round "8.6"]
[White "Reljic, Zoran"]
[Black "Skoko, Milan"]
[Result "0-1"]
[WhiteElo "2126"]
[BlackElo "2128"]
[PlyCount "92"]
[EventDate "2016.11.15"]
[EventType "team-tourn"]
[EventRounds "11"]
[EventCountry "SRB"]
[SourceTitle "CBM 175 Extra"]
[Source "ChessBase"]
[SourceDate "2016.12.12"]
[SourceVersion "1"]
[SourceVersionDate "2016.12.12"]
[SourceQuality "1"]
[WhiteTeam "Sloga"]
[BlackTeam "Stara Pazova"]
[WhiteTeamCountry "SRB"]
[BlackTeamCountry "SRB"]

1. e4 c5 2. Nf3 Nc6 3. d4 cxd4 4. Nxd4 Nf6 5. Nc3 e5 6. Ndb5 d6 7. Bg5 a6 8. Na3 Be6 9. Nd5 Bxd5 10. Qxd5 Nxd5 11. Bxd8 Kxd8 12. exd5 Ne7 13. Nc4 Kc7 14. 0-0-0 g6 15. Nxe5 dxe5 16. d6+ Kc6 17. dxe7 Bxe7 18. Bc4 f5 19. Bd5+ Kc7 20. c4 Rad8 21. f3 a5 22. Kc2 Bc5 23. a4 Rhf8 24. Rhe1 Rde8 25. Re2 Re7 26. b3 Rfe8 27. Kd3 Kb6 28. Rde1 Bb4 29. Rf1 Rf8 30. h3 h5 31. Rd1 h4 32. Rh1 Kc5 33. Rd1 Rd8 34. Kc2 Kb6 35. Rf1 g5 36. f4 gxf4 37. Rf3 Bc5 38. Rf1 Be3 39. Rxe3 fxe3 40. Rxf5 e4 41. Rf4 Kc5 42. Rxh4 Kd4 43. Rf4 b6 44. h4 Rxd5 45. cxd5 Rc7+ 46. Kd1 Kd3 0-1

[Event "Vojvodina-chT"]
[Site "Kac"]
[Date "2016.11.20"]
[Round "9.6"]
[White "Skoko, Milan"]
[Black "Cvetanovic, Damjan"]
[Result "1-0"]
[WhiteElo "2128"]
[BlackElo "2050"]
[PlyCount "137"]
[EventDate "2016.11.15"]
[EventType "team-tourn"]
[EventRounds "11"]
[EventCountry "SRB"]
[SourceTitle "CBM 175 Extra"]
[Source "ChessBase"]
[SourceDate "2016.12.12"]
[SourceVersion "1"]
[SourceVersionDate "2016.12.12"]
[SourceQuality "1"]
[WhiteTeam "Stara Pazova"]
[BlackTeam "Vojvodina"]
[WhiteTeamCountry "SRB"]
[BlackTeamCountry "SRB"]

1. e4 e6 2. d4 d5 3. Nd2 Nf6 4. e5 Nfd7 5. Bd3 c5 6. c3 Nc6 7. Ne2 cxd4 8. cxd4 f6 9. exf6 Nxf6 10. Nf3 Bd6 11. 0-0 Qc7 12. Bg5 0-0 13. Rc1 Bd7 14. Bh4 Nh5 15. Bg3 Nf4 16. Nxf4 Bxf4 17. Rc2 Qd6 18. a3 g6 19. Rc3 Rf7 20. Bb5 Bxg3 21. hxg3 Nxd4 22. Nxd4 e5 23. Be2 exd4 24. Qxd4 Bc6 25. Bf3 Qf6 26. Rd1 Qxd4 27. Rxd4 Rd8 28. Rcd3 Rf5 29. Rd2 Re5 30. Rd1 Kg7 31. b4 a6 32. Kh2 Kf6 33. g4 Ke6 34. Kg3 Rf8 35. R1d2 g5 36. a4 Rd8 37. a5 Re1 38. Bd1 h6 39. Bc2 Re5 40. f3 Bb5 41. Kf2 Re8 42. Bb3 Bc6 43. Bc2 Bb5 44. Bf5+ Kd6 45. Be4 Bc6 46. Bd3 Rf8 47. g3 Bd7 48. Be2 Bc6 49. f4 gxf4 50. gxf4 Re7 51. Bf3 Kc7 52. Kg3 Re3 53. f5 h5 54. Kf4 hxg4 55. Bxg4 Re4+ 56. Rxe4 dxe4 57. Rh2 Kd6 58. Rd2+ Kc7 59. Bh5 Be8 60. Bxe8 Rxe8 61. Re2 Rh8 62. Rxe4 Rh1 63. Ke5 Rd1 64. Kf6 Rb1 65. Kf7 Rg1 66. f6 Rg5 67. Kf8 Kc6 68. f7 Kd5 69. Re1 1-0

[Event "Vojvodina-chT"]
[Site "Kac"]
[Date "2016.11.17"]
[Round "3.6"]
[White "Skoko, Milan"]
[Black "Trivunovic, Zdravko"]
[Result "1/2-1/2"]
[WhiteElo "2128"]
[BlackElo "2082"]
[PlyCount "121"]
[EventDate "2016.11.15"]
[EventType "team-tourn"]
[EventRounds "11"]
[EventCountry "SRB"]
[SourceTitle "CBM 175 Extra"]
[Source "ChessBase"]
[SourceDate "2016.12.12"]
[SourceVersion "1"]
[SourceVersionDate "2016.12.12"]
[SourceQuality "1"]
[WhiteTeam "Stara Pazova"]
[BlackTeam "Bora Ivkov"]
[WhiteTeamCountry "SRB"]
[BlackTeamCountry "SRB"]

1. e4 d5 2. exd5 Nf6 3. d4 Nxd5 4. Nf3 Bg4 5. Be2 e6 6. 0-0 Be7 7. c3 0-0 8. a4 a5 9. Na3 Nd7 10. Nc4 c6 11. Re1 Re8 12. Ne3 Bh5 13. Nc4 Qc7 14. Nfe5 Nxe5 15. Nxe5 Bxe2 16. Qxe2 Bd6 17. h4 f6 18. Nc4 Bh2+ 19. Kf1 Bf4 20. Bxf4 Nxf4 21. Qf3 b5 22. Nd2 Rac8 23. g3 Nd5 24. Ne4 e5 25. Nc5 b4 26. c4 Nb6 27. dxe5 Rxe5 28. Rxe5 Qxe5 29. Nd3 Qd4 30. c5 Nc4 31. Qf5 Re8 32. Re1 Rxe1+ 33. Kxe1 g6 34. Qe6+ Kg7 35. Qe7+ Kg8 36. Qe8+ Kg7 37. Nf4 Qe5+ 38. Qxe5 fxe5 39. Ne6+ Kf6 40. Nd8 Nxb2 41. Nxc6 Nxa4 42. Nxa5 Nxc5 43. Kd2 b3 44. Nc4 Kf5 45. f3 e4 46. Ne3+ Ke6 47. f4 h5 48. Kc3 Kf7 49. Nd1 Ke6 50. Ne3 Kf6 51. Nd1 Nd3 52. Kxb3 Nxf4 53. gxf4 Kf5 54. Kc3 Kxf4 55. Kd2 Kg3 56. Ke3 Kxh4 57. Nf2 g5 58. Nxe4 g4 59. Kf4 Kh3 60. Nf2+ Kh4 61. Ne4 1/2-1/2

[Event "Gligoric Cup 3rd"]
[Site "Kraljevo"]
[Date "2015.05.20"]
[Round "5.5"]
[White "Skoko, Milan"]
[Black "Matovic, Petar"]
[Result "1/2-1/2"]
[WhiteElo "2154"]
[BlackElo "2203"]
[PlyCount "32"]
[EventDate "2015.05.16"]
[EventType "team-swiss"]
[EventRounds "7"]
[EventCountry "SRB"]
[SourceTitle "CBM 166 Extra"]
[Source "ChessBase"]
[SourceDate "2015.06.18"]
[SourceVersion "1"]
[SourceVersionDate "2015.06.18"]
[SourceQuality "1"]
[WhiteTeam "Stara Pazova"]
[BlackTeam "Cacak Borac"]
[WhiteTeamCountry "SRB"]
[BlackTeamCountry "SRB"]

1. e4 d5 2. exd5 Qxd5 3. Nc3 Qa5 4. d4 c6 5. Nf3 Bg4 6. h3 Bxf3 7. Qxf3 e6 8. Bd2 Qc7 9. Bd3 Nf6 10. Ne4 Nxe4 11. Qxe4 Nd7 12. 0-0-0 Nf6 13. Qe2 Bd6 14. Kb1 Bf4 15. g3 Bxd2 16. Rxd2 0-0-0 1/2-1/2

[Event "Gligoric Cup 3rd"]
[Site "Kraljevo"]
[Date "2015.05.18"]
[Round "3.3"]
[White "Skoko, Milan"]
[Black "Zlatanovic, Boroljub"]
[Result "1/2-1/2"]
[WhiteElo "2154"]
[BlackElo "2378"]
[PlyCount "66"]
[EventDate "2015.05.16"]
[EventType "team-swiss"]
[EventRounds "7"]
[EventCountry "SRB"]
[SourceTitle "CBM 166 Extra"]
[Source "ChessBase"]
[SourceDate "2015.06.18"]
[SourceVersion "1"]
[SourceVersionDate "2015.06.18"]
[SourceQuality "1"]
[WhiteTeam "Stara Pazova"]
[BlackTeam "Kragujevac Radnicki"]
[WhiteTeamCountry "SRB"]
[BlackTeamCountry "SRB"]

1. e4 e6 2. d4 d5 3. exd5 exd5 4. Bf4 Bd6 5. Bxd6 Qxd6 6. c3 Bf5 7. Nf3 Ne7 8. Be2 0-0 9. 0-0 Ng6 10. g3 Re8 11. Re1 Nd7 12. Nbd2 Qb6 13. Qb3 Qxb3 14. axb3 Bg4 15. Bf1 Rxe1 16. Rxe1 Kf8 17. Bd3 Bxf3 18. Nxf3 Re8 19. Rxe8+ Kxe8 20. Bxg6 hxg6 21. Kf1 a5 22. Ke2 Ke7 23. h3 f6 24. Ke3 Ke6 25. h4 Nb6 26. Kd3 Kf5 27. Nh2 c6 28. f3 Nc8 29. Nf1 Nd6 30. Ne3+ Ke6 31. c4 b6 32. g4 b5 33. c5 Nf7 1/2-1/2

[Event "Gligoric Cup 3rd"]
[Site "Kraljevo"]
[Date "2015.05.16"]
[Round "1.3"]
[White "Kojovic, Dragan"]
[Black "Skoko, Milan"]
[Result "1-0"]
[WhiteElo "2386"]
[BlackElo "2154"]
[PlyCount "67"]
[EventDate "2015.05.16"]
[EventType "team-swiss"]
[EventRounds "7"]
[EventCountry "SRB"]
[SourceTitle "CBM 166 Extra"]
[Source "ChessBase"]
[SourceDate "2015.06.18"]
[SourceVersion "1"]
[SourceVersionDate "2015.06.18"]
[SourceQuality "1"]
[WhiteTeam "Gornji Milanovac Metalac"]
[BlackTeam "Stara Pazova"]
[WhiteTeamCountry "SRB"]
[BlackTeamCountry "SRB"]

1. e4 c5 2. Nc3 Nc6 3. f4 g6 4. Nf3 Bg7 5. Bb5 Nd4 6. Bd3 e6 7. Nxd4 cxd4 8. Nb5 d6 9. c3 dxc3 10. bxc3 Bf8 11. Qa4 Bd7 12. Qd4 f6 13. Nxd6+ Bxd6 14. Qxd6 Qe7 15. Ba3 Qxd6 16. Bxd6 Bc6 17. Bc2 Rd8 18. Bc5 b6 19. Bd4 Kf7 20. a4 Rd7 21. 0-0 Ne7 22. d3 Rc8 23. Bb3 f5 24. Rae1 Re8 25. g4 h5 26. exf5 Nd5 27. fxg6+ Kxg6 28. f5+ Kg5 29. fxe6 Rdd8 30. Re5+ Kg6 31. Rff5 Nf6 32. gxh5+ Kg7 33. Re3 Rxd4 34. cxd4 1-0

[Event "Gligoric Cup 2nd"]
[Site "Kragujevac"]
[Date "2014.12.11"]
[Round "6.1"]
[White "Miljkovic, Miroslav D"]
[Black "Skoko, Milan"]
[Result "1-0"]
[WhiteElo "2483"]
[BlackElo "2207"]
[PlyCount "83"]
[EventDate "2014.12.06"]
[EventType "team-tourn"]
[EventRounds "9"]
[EventCountry "SRB"]
[SourceTitle "CBM 164 Extra"]
[Source "ChessBase"]
[SourceDate "2015.03.02"]
[SourceVersion "1"]
[SourceVersionDate "2015.03.02"]
[SourceQuality "1"]
[WhiteTeam "Kragujevac Radnicki"]
[BlackTeam "Stara Pazova"]
[WhiteTeamCountry "SRB"]
[BlackTeamCountry "SRB"]

1. d4 f5 2. g3 Nf6 3. Bg2 g6 4. Nf3 Bg7 5. c4 0-0 6. 0-0 d6 7. Nc3 e6 8. Qc2 Nc6 9. Rd1 Qe7 10. e3 a5 11. Bd2 Nd8 12. Be1 Nf7 13. Rac1 c6 14. Na4 Nd7 15. a3 e5 16. dxe5 dxe5 17. c5 e4 18. Nd4 Nfe5 19. Qb3+ Qf7 20. Qxf7+ Kxf7 21. Bf1 Ke7 22. Be2 Nf6 23. Nb6 Ra7 24. Bc3 Nfd7 25. Na4 g5 26. Nb6 Nxb6 27. cxb6 Ra8 28. Nb3 Be6 29. Nc5 Rfb8 30. a4 Bd5 31. Kf1 Bh8 32. Bd4 Bf6 33. Rd2 Bh8 34. Bxe5 Bxe5 35. Bc4 Bxc4+ 36. Rxc4 Rd8 37. Rxd8 Rxd8 38. Nxb7 Rb8 39. Nxa5 Rxb6 40. Nxc6+ Kd6 41. Nxe5 Kxe5 42. b4 1-0

[Event "Nova Pazova-ch"]
[Site "Nova Pazova"]
[Date "2014.02.14"]
[Round "1"]
[White "Skoko, Milan"]
[Black "Mitrovic, Dragan S"]
[Result "1-0"]
[WhiteElo "2242"]
[BlackElo "1848"]
[PlyCount "47"]
[EventDate "2014.02.14"]
[EventType "swiss"]
[EventRounds "9"]
[EventCountry "SRB"]
[SourceTitle "CBM 159 Extra"]
[Source "ChessBase"]
[SourceDate "2014.04.24"]
[SourceVersion "1"]
[SourceVersionDate "2014.04.24"]
[SourceQuality "1"]

1. e4 c5 2. c3 Nc6 3. d4 e6 4. Nf3 cxd4 5. cxd4 Bb4+ 6. Nc3 Nf6 7. Bd3 a6 8. 0-0 Qc7 9. Bd2 e5 10. d5 Ne7 11. Rc1 Qb8 12. a3 Ba5 13. Bg5 Ng6 14. Ne2 0-0 15. Ng3 Ne8 16. Nh4 h6 17. Nxg6 fxg6 18. Be7 Rf4 19. Ne2 Rf7 20. d6 b5 21. Bb1 Kh7 22. Ba2 Rxe7 23. dxe7 d6 24. Qb3 1-0